[Event "Bhopal op"]
[Site "Bhopal"]
[Date "2019.12.22"]
[Round "2"]
[White "Swapnil, Priyadarshi"]
[Black "Venkatesh, Marani Rajendran"]
[Result "0-1"]
[WhiteElo "1757"]
[BlackElo "2491"]
[PlyCount "60"]
[EventDate "2019.12.21"]
[EventType "swiss"]
[EventRounds "10"]
[EventCountry "IND"]
[SourceTitle "CBM 194 Extra"]
[Source "ChessBase"]
[SourceDate "2020.03.31"]
[SourceVersion "1"]
[SourceVersionDate "2020.03.31"]
[SourceQuality "1"]

1. e4 e5 2. Nf3 Nc6 3. Bb5 Nge7 4. d4 exd4 5. Nxd4 g6 6. 0-0 Bg7 7. c3 0-0 8. Re1 Nxd4 9. cxd4 c6 10. Bf1 Qb6 11. e5 d6 12. b3 Nf5 13. Bb2 Be6 14. Na3 Rad8 15. Bc4 dxe5 16. Bxe6 fxe6 17. Nc4 Qa6 18. Nxe5 c5 19. Qd3 Qd6 20. Qc4 cxd4 21. Nd3 Rfe8 22. Nc5 Rc8 23. Rxe6 Rxe6 24. Qxe6+ Qxe6 25. Nxe6 Rc2 26. Nxg7 Kxg7 27. Rb1 Kf7 28. a4 d3 29. Be5 d2 30. Bf4 Nd4 0-1

[Event "Odisha-ch 60th"]
[Site "Balasore"]
[Date "2019.10.04"]
[Round "7"]
[White "Swapnil, Priyadarshi"]
[Black "Rakesh, Kumar Nayak"]
[Result "0-1"]
[WhiteElo "1791"]
[BlackElo "2037"]
[PlyCount "92"]
[EventDate "2019.10.01"]
[EventType "swiss"]
[EventRounds "9"]
[EventCountry "IND"]
[SourceTitle "CBM 192 Extra"]
[Source "Chessbase"]
[SourceDate "2019.11.06"]
[SourceVersion "1"]
[SourceVersionDate "2019.11.06"]
[SourceQuality "1"]

1. e4 e5 2. Nf3 Nc6 3. Bb5 a6 4. Ba4 Nf6 5. 0-0 Be7 6. Re1 b5 7. Bb3 0-0 8. h3 d6 9. c3 Nb8 10. d4 Nbd7 11. Nbd2 Bb7 12. Bc2 Re8 13. Nf1 Bf8 14. Ng3 g6 15. d5 Bg7 16. a4 Qe7 17. Bd3 c6 18. dxc6 Bxc6 19. axb5 axb5 20. Rxa8 Rxa8 21. b4 Nf8 22. Qb3 Ne6 23. Bd2 Qb7 24. Ng5 Nf4 25. Bxf4 exf4 26. Ne2 Nxe4 27. Nxe4 Bxe4 28. Nxf4 Bxd3 29. Nxd3 Rc8 30. Rc1 Qe4 31. Nb2 Rxc3 32. Rxc3 Qe1+ 33. Kh2 Qxc3 34. Qxc3 Bxc3 35. Nd3 f6 36. Kg3 Kf7 37. Kf3 Ke6 38. Nf4+ Ke5 39. Ke3 Bd2+ 40. Kxd2 Kxf4 41. Kd3 Ke5 42. g3 g5 43. f3 f5 44. h4 gxh4 45. f4+ Kd5 46. gxh4 h5 0-1

[Event "Odisha-ch 60th"]
[Site "Balasore"]
[Date "2019.10.03"]
[Round "5"]
[White "Swapnil, Priyadarshi"]
[Black "Rout, Prakruti"]
[Result "1-0"]
[WhiteElo "1791"]
[BlackElo "1384"]
[PlyCount "101"]
[EventDate "2019.10.01"]
[EventType "swiss"]
[EventRounds "9"]
[EventCountry "IND"]
[SourceTitle "CBM 192 Extra"]
[Source "Chessbase"]
[SourceDate "2019.11.06"]
[SourceVersion "1"]
[SourceVersionDate "2019.11.06"]
[SourceQuality "1"]

1. e4 e6 2. d4 d5 3. exd5 exd5 4. Nf3 Nf6 5. Bd3 Be7 6. 0-0 0-0 7. c3 Bg4 8. Nbd2 c6 9. Qc2 Bxf3 10. Nxf3 Qc7 11. Bg5 h6 12. Bh4 Nbd7 13. Rae1 Rfe8 14. Ne5 Nxe5 15. dxe5 Nd7 16. Bg3 Nf8 17. f4 Bc5+ 18. Kh1 d4 19. f5 Rad8 20. e6 Bd6 21. Bh4 f6 22. Qe2 dxc3 23. bxc3 Be5 24. Bc4 Kh7 25. Qf3 b5 26. Bb3 a5 27. Bg3 Bxg3 28. hxg3 a4 29. Bc2 Rd6 30. Qh5 Re7 31. Kh2 Rd2 32. Bb1 Qd6 33. Rd1 b4 34. cxb4 Qxb4 35. Rxd2 Qxd2 36. Rd1 Qa5 37. Qf3 c5 38. Qd5 Qb4 39. Be4 c4 40. Rb1 Qa3 41. Qxc4 Qd6 42. Qd5 Qxd5 43. Bxd5 g6 44. Rb7 Rxb7 45. Bxb7 Kg7 46. e7 Kf7 47. exf8Q+ Kxf8 48. fxg6 Kg7 49. Bc6 a3 50. Be4 h5 51. Kh3 1-0

[Event "Kendrapara Umar Ali Memorial"]
[Site "Kendrapara"]
[Date "2017.12.26"]
[Round "3"]
[White "Swapnil, Priyadarshi"]
[Black "Sahu, Rajendrakumar"]
[Result "0-1"]
[WhiteElo "1539"]
[BlackElo "1966"]
[PlyCount "106"]
[EventDate "2017.12.25"]
[EventType "swiss"]
[EventRounds "9"]
[EventCountry "IND"]
[SourceTitle "EXT 2019"]
[Source "ChessBase"]
[SourceDate "2018.10.10"]
[SourceVersion "1"]
[SourceVersionDate "2018.10.10"]
[SourceQuality "1"]

1. e4 c5 2. Nf3 Nc6 3. d4 cxd4 4. Nxd4 Nf6 5. Nc3 d6 6. Be2 g6 7. 0-0 Bg7 8. Be3 0-0 9. Kh1 d5 10. exd5 Nxd5 11. Nxd5 Qxd5 12. c3 Nxd4 13. Bxd4 Bxd4 14. Qxd4 Qxd4 15. cxd4 Rd8 16. Rfd1 Be6 17. Bf3 Bd5 18. Bxd5 Rxd5 19. Rac1 Rad8 20. Rc7 Rxd4 21. Rxd4 Rxd4 22. g3 Rb4 23. b3 Kf8 24. Rc8+ Kg7 25. Kg2 h5 26. h4 Kf6 27. Kf3 Ke6 28. Ke3 Rb5 29. Kd4 Rd5+ 30. Ke3 Rd7 31. Rc2 Kf5 32. Rc4 e5 33. Rc5 Ke6 34. Rb5 b6 35. Rb4 Rc7 36. Ra4 f5 37. f4 a5 38. fxe5 Kxe5 39. Kd3 Rd7+ 40. Kc4 Rd4+ 41. Kb5 Rxa4 42. bxa4 g5 43. hxg5 f4 44. gxf4+ Kf5 45. Kxb6 h4 46. Kxa5 h3 47. Kb6 h2 48. a5 h1Q 49. a6 Qa8 50. a7 Kg6 51. a3 Kf5 52. a4 Kg6 53. Ka6 Qc6+ 0-1

[Event "IND-ch U11 30th"]
[Site "India"]
[Date "2016.07.04"]
[Round "9"]
[White "Swapnil, Priyadarshi"]
[Black "Harshad, S."]
[Result "1/2-1/2"]
[WhiteElo "1369"]
[BlackElo "1526"]
[PlyCount "61"]
[EventDate "2016.06.28"]
[EventType "swiss"]
[EventRounds "11"]
[EventCountry "IND"]
[SourceTitle "CBM 173 Extra"]
[Source "ChessBase"]
[SourceDate "2016.08.29"]
[SourceVersion "1"]
[SourceVersionDate "2016.08.29"]
[SourceQuality "1"]

1. e4 c5 2. Nf3 d6 3. d4 cxd4 4. Nxd4 Nf6 5. Nc3 a6 6. Be2 e5 7. Nb3 Be7 8. Be3 Be6 9. 0-0 Nbd7 10. Kh1 0-0 11. f4 exf4 12. Bxf4 Ne5 13. Nd4 Qd7 14. Bxe5 dxe5 15. Nxe6 Qxe6 16. Bf3 Rfd8 17. Nd5 Nxd5 18. exd5 Qd6 19. Be4 g6 20. c4 Rac8 21. b3 b5 22. Bd3 b4 23. Qe2 f5 24. Rad1 a5 25. Bb1 Rf8 26. Rde1 Bf6 27. Qf3 Bg7 28. Qg3 Kh8 29. Qe3 a4 30. Bc2 a3 31. Bb1 1/2-1/2

[Event "IND-ch U11 30th"]
[Site "India"]
[Date "2016.06.29"]
[Round "2"]
[White "Srihari, LR."]
[Black "Swapnil, Priyadarshi"]
[Result "1-0"]
[WhiteElo "1765"]
[BlackElo "1369"]
[PlyCount "119"]
[EventDate "2016.06.28"]
[EventType "swiss"]
[EventRounds "11"]
[EventCountry "IND"]
[SourceTitle "CBM 173 Extra"]
[Source "ChessBase"]
[SourceDate "2016.08.29"]
[SourceVersion "1"]
[SourceVersionDate "2016.08.29"]
[SourceQuality "1"]

1. d4 d5 2. c4 c6 3. Nf3 Nf6 4. e3 a6 5. Nc3 Bf5 6. Nh4 Bg6 7. Nxg6 hxg6 8. b3 e6 9. Bd3 Be7 10. 0-0 Qc7 11. f4 Nbd7 12. h3 Nh7 13. e4 dxe4 14. Nxe4 f5 15. Nf2 Bf6 16. Bb2 Qxf4 17. Ng4 Qd6 18. Nxf6+ Nhxf6 19. c5 Qe7 20. Qe2 Nd5 21. Rae1 Nf8 22. Bc4 Kd7 23. Bxd5 cxd5 24. b4 Ke8 25. Bc1 Kf7 26. Rf3 Nd7 27. a4 Nf6 28. b5 Ne4 29. Bf4 Qd7 30. Rc1 axb5 31. axb5 Rhc8 32. Rb3 Kg8 33. Qb2 Ra7 34. b6 Ra6 35. Bc7 Qc6 36. Qe2 Rca8 37. Qb5 Ra1 38. Rxa1 Rxa1+ 39. Kh2 Nd2 40. Qxc6 bxc6 41. b7 Nf1+ 42. Kg1 Nd2+ 43. Kf2 Ne4+ 44. Ke3 Re1+ 45. Kf4 g5+ 46. Kf3 Rf1+ 47. Ke2 Rf2+ 48. Ke1 Rxg2 49. b8Q+ Kh7 50. Rf3 Rg1+ 51. Rf1 Rg2 52. Be5 Nc3 53. Rf2 Rg1+ 54. Kd2 Ne4+ 55. Ke2 Nc3+ 56. Kf3 f4 57. Rg2 Rf1+ 58. Kg4 Ne4 59. Qb7 Nf2+ 60. Kh5 1-0